Normal view
MARC view
- QUALITY CONTROL TQM ISO 9000
Entry Topical Term
001 - CONTROL NUMBER
- control field: 66285
003 - CONTROL NUMBER IDENTIFIER
- control field: NUST
005 - DATE AND TIME OF LATEST TRANSACTION
- control field: 20210628203550.0
008 - FIXED-LENGTH DATA ELEMENTS
- fixed length control field: 210628|| aca||aabn | a|a d
040 ## - CATALOGING SOURCE
- Original cataloging agency: NUST
- Transcribing agency: NUST
150 ## - HEADING--TOPICAL TERM
- Topical term or geographic name entry element: QUALITY CONTROL TQM ISO 9000
670 ## - SOURCE DATA FOUND
- Source citation: Work cat.: (NUST): Piqc 21917, Proceedings of pakistan's 1st international convention on iso 9000 to tqm , oct 7-9.1995,karachi, 1995
